Kapitoly z rétoriky /

Hlavní autor: Havlová, Ivana
Další autoři: Štembergová-Kratochvílová, Šárka, 1924-2005, Měchurová, Albína
Jazyk: Čeština
Vydáno: Praha : Karolinum, 1991
Vydání: 1.vyd.
Edice: Učební texty vysokých škol
Témata:
Fyzický popis: 96 s.
Knihy
Uloženo v:
LEADER 01669nam a2200373 a 4500
001 000023889
003 CZ BrMZK
005 20180221101735.0
007 ta
008 950707s1991 xr e p cze d
040 |a BOA001  |b cze 
072 7 |a 808  |x Literární styl. Literární činnost a technika. Efektivní využívání jazyka. Spisovatelská činnost  |2 Konspekt  |9 11 
072 7 |a 37.016  |x Učební osnovy. Vyučovací předměty. Učebnice  |2 Konspekt  |9 22 
080 |a 808.5  |2 MRF 
080 |a (075.8)  |2 MRF 
100 1 |a Havlová, Ivana  |7 ola2006340223  |4 aut 
245 1 0 |a Kapitoly z rétoriky /  |c Ivana Havlová, Albína Měchurová, Šárka Štembergová 
250 |a 1.vyd. 
260 |a Praha :  |b Karolinum,  |c 1991 
300 |a 96 s. 
490 1 |a Učební texty vysokých škol 
504 |a Obsahuje bibliografii 
650 0 7 |a rétorika  |7 ph125389  |2 czenas 
655 7 |a učebnice vysokých škol  |7 fd133772  |2 czenas 
700 1 |a Štembergová-Kratochvílová, Šárka,  |d 1924-2005  |7 jn19981002474  |4 aut 
700 1 |a Měchurová, Albína  |7 jk01081063  |4 aut 
810 2 |a Univerzita Karlova.  |b Pedagogická fakulta.  |t Učební texty  |0 s 
910 |a BOA001  |b PK-N-0029.497  |b 4-0972.086 
920 |a 000135584 
990 |a BK 
996 6 |b 2610212440  |c 4-0972.086  |l MZK  |r Sklad / do 1 hodiny  |n 3  |p dar  |w 000023889  |u 000040  |a 1  |e BOA001  |j MZK50  |s P 
996 7 |b 2619977921  |c 4-0972.086  |l MZK  |r Sklad / do 1 hodiny  |n 22  |w 000023889  |u 000030  |a 1  |e BOA001  |j MZK50  |s A 
996 7 |b 3119959156  |c PK-N-0029.497  |l MZK  |r Sklad / do 1 hodiny  |n 15  |w 000023889  |u 000020  |a 1  |e BOA001  |j MZK50  |s A 
996 7 |b 3119998374  |c PK-N-0029.497  |l MZK  |r Sklad / do 1 hodiny  |n 14  |w 000023889  |u 000010  |a 1  |e BOA001  |j MZK50  |s A